000 00290nam a22001337a 4500
008 171012b xxu||||| |||| 00| 0 eng d
020 _a9780321003058
041 _aeng
080 _28TH
_a316
100 _a50
101 _aSOC
245 _aTHE SOCIAL FABRIC
_cCARY,J,H
942 _2udc
_cBK
999 _c33400
_d33400